Normal view
MARC view
- Williams, David
Entry Personal Name
001 - CONTROL NUMBER
- control field: 85535
003 - CONTROL NUMBER IDENTIFIER
- control field: OSt
005 - DATE AND TIME OF LATEST TRANSACTION
- control field: 20241031130656.0
008 - FIXED-LENGTH DATA ELEMENTS
- fixed length control field: 241031|| aca||aabn | a|a d
040 ## - CATALOGING SOURCE
- Original cataloging agency: OSt
- Transcribing agency: OSt
100 ## - HEADING--PERSONAL NAME
- Personal name: Williams, David
- Titles and other words associated with a name: (Comic book artist)
670 ## - SOURCE DATA FOUND
- Source citation: Work cat.: (OSt)47690: Flynn, Ian, 1982- writer. 85534, Archie's superteens /, 2019.